00848 a2200169 45000010006000000050017000060080041000230030015000640400040000790800110001192450102002290200018003312640068003493000019004175050223004361000019006592694120260407155547.0260407a1983 arg spa dAR-UNSa-BCEJYS aAR-UNSa-BCEJYSbspacAR-UNSa-BCEJYS a711xPrincipios y práctica de la ordenación. Ordenación del territorio, ordenación urbana y rural10aLa ciudad funcionalpLe Corbusier y su vision de la ciudad: condiciones, motivos, razones ocultas a84-7088-335-6 1aMadrid :bInstituto de Estudios de Administración Localc1983 a490 p.c21 cm. a1ra. Parte: 1. Paul, poeta bohemio, descubre la máquina - 2. El fordismo: la filosofía social de lo práctico de Le Corbusier - 3. El debate sobre el funcionalismo - 4. La sociología de la "máquina de habitar"1 aHilpert, Thilo